000 00565nam a22002057a 4500
003 OSt
005 20140320084612.0
008 130722t xxu||||| |||| 00| 0 eng d
020 _a9780439616591
050 _aLB 1050
_b.C776 2006
082 _aTRE 372.4
_bC777 2006
100 _aCooper, J. David
_92492
245 _aThe struggling reader : interventions that work /
_cJ. David Cooper
260 _aNew York :
_bScholastic,
_cc2006.
300 _a208 p.
_bill. ;
_c23 cm.
562 _e1
650 _aReading
_9902
942 _2lcc
_cBK
999 _c47516
_d47516